| 000 | 00359nam a22001337a 4500 | ||
|---|---|---|---|
| 082 | _a621.3 SMI'C | ||
| 100 |
_aSMITH, RALPH.J _957304 |
||
| 245 | _aCIRCUITS DEVICES AND SYSTEMS, A FIRST COURSE IN ELECTRICAL ENGINEERING | ||
| 250 | _a3RD | ||
| 260 |
_aNEWYORK _bJOHN WILEY _c1976 |
||
| 300 | _a767P | ||
| 650 |
_aELECTRICAL ENGINEERING _914958 |
||
| 942 | _cBK | ||
| 999 |
_c567601 _d567601 |
||